000 00488nam a2200193Ia 4500
003 OSt
005 20221007083305.0
006 a|||||r|||| 00| 0
007 ta
008 221006b |||||||| |||| 00| 0 eng d
024 _a23,690
037 _cTheseses
040 _aFLL
_cFLL
_beng
041 _2eng
_aeng
100 _aMohan Jag
_9700560
245 0 _aJudicial appraisal in military law and constitution of India
942 _cDIS
_2CC
999 _c1169525
_d1169525